| 000 | 01096nam a22003257a 4500 | ||
|---|---|---|---|
| 003 | CHAP | ||
| 005 | 20220329133927.0 | ||
| 008 | 971013s1992 r 00010 d | ||
| 010 | _a12796 | ||
| 011 | _a13768 | ||
| 035 | _a17840 | ||
| 040 | _cCHAP | ||
| 090 | _aTesis | ||
| 100 | 0 | 0 |
_aOcaña Nava, Daniel. _982623 |
| 245 | _aEstudio de la vegetación acuática vascular del sistema fluvio-lagunar-deltaico del Río Palizada, en el estado de Campeche | ||
| 260 |
_aMéxico, D. F. : _bEl autor, _c1992 |
||
| 300 | _a75 h. | ||
| 502 | _aTesis (Biólogo) -- UNAM. Escuela Nacional de Estudios Profesionales Iztacala | ||
| 590 |
_aALEPH _b10 _c20130110 _lUCH01 _h1231 |
||
| 590 |
_aBATCH-UPD _b10 _c20130110 _lUCH01 _h1709 |
||
| 590 |
_aBATCH-UPD _b10 _c20130410 _lUCH01 _h1055 |
||
| 590 |
_aBATCH-UPD _b10 _c20130914 _lUCH01 _h0728 |
||
| 590 |
_aCONVERSION _b10 _c20130109 _lUCH01 _h1308 |
||
| 650 | 1 | 4 |
_aBotánica _xCampeche. _914508 |
| 650 | 1 | 4 |
_aPlantas acuáticas. _988897 |
| 650 | 1 | 4 |
_aTracheophyta. _9114572 |
| 901 | _aBK | ||
| 942 | _cTESIS | ||
| 949 |
_bBC _cTES _d-41813 _eTS1 _h30153 _i17840 _si |
||
| 999 |
_c12796 _d12796 |
||